Geography Quiz

Random Geography or World Quiz

Countries with the Largest Subdivisions Quiz Stats

 Plays Quiz Updated Aug 13, 2019

Score 0/50 Timer 07:00
5 Plays Today
Subdivision Country % Correct
Western AustraliaAustralia
98.7%
AlaskaUnited States
97.6%
QuebecCanada
97%
South AustraliaAustralia
96.1%
OntarioCanada
95.9%
Xinjiang UyghurChina
95.2%
TexasUnited States
95.1%
QueenslandAustralia
94.7%
AmazonasBrazil
94.6%
British ColumbiaCanada
94.4%
TibetChina
93.8%
AlbertaCanada
93.5%
QinghaiChina
93.2%
GreenlandDenmark
92.6%
Inner MongoliaChina
92.2%
Northwest TerritoriesCanada
92.1%
New South WalesAustralia
91.1%
SaskatchewanCanada
89.5%
Irkutsk OblastRussia
88.3%
Krasnoyarsk KraiRussia
87.9%
ManitobaCanada
87.9%
Khabarovsk KraiRussia
87.6%
CaliforniaUnited States
86.4%
Chukotka Aut. OkrugRussia
83.7%
Yamalo-Nenets Aut. OkrugRussia
83.5%
Subdivision Country % Correct
Sakha RepublicRussia
83.3%
NunavutCanada
83.2%
Northern TerritoryAustralia
82.9%
YukonCanada
81.7%
Arkhangelsk OblastRussia
80.4%
ParáBrazil
77.9%
HeilongjiangChina
76.7%
Mato GrossoBrazil
74.5%
SichuanChina
74.3%
Zabaykalsky KraiRussia
73.9%
Khanty–Mansi Aut. OkrugRussia
72.8%
Kamchatka KraiRussia
71.8%
Magadan OblastRussia
70.4%
GansuChina
69.5%
BahiaBrazil
48.7%
Eastern ProvinceSaudi Arabia
47.2%
Minas GeraisBrazil
44.9%
TombouctouMali
42.9%
KatangaDem. Rep. of Congo
24%
Qaraghandy ProvinceKazakhstan
22.2%
TamanrassetAlgeria
17.7%
OrientaleDem. Rep. of Congo
14.9%
AgadezNiger
14.7%
AdrarAlgeria
14.4%
KufraLibya
13.5%

You're not logged in!

Compare scores with friends on all Sporcle quizzes.
OR
Log In

Sporcle TV

Today on Sporcle TV


Watch our educational content, quiz creation guides, and fun videos on Sporcle TV.

Show Comments

Extras

Top Quizzes Today


Score Distribution

Your Account Isn't Verified!

In order to create a playlist on Sporcle, you need to verify the email address you used during registration. Go to your Sporcle Settings to finish the process.

Report this User

Report this user for behavior that violates our Community Guidelines.

Details: